Pays d'Amérique - Statistiques

Statistiques générales
  • Ce quiz a été pris 43 fois
  • Le résultat moyen est 16 sur 20
Answers on the Grid
Answers color-coded by a green-red scale on the quiz's grid according to % correct below.
Mexique
Maldives
Uruguay
Cuba
Îles Marshall
Belize
Guyana
Seychelles
Fidji
Bahamas
République Dominicaine
Tonga
Sainte-Lucie
Saint-Marin
Sao Tomé-et-Principe
Botswana
Suriname
Trinité-et-Tobago
Laos
Singapour
Haïti
Andorre
Timor oriental
Maurice
Grenade
Comores
Saint-Christophe-et-Niévès
Kiribati
Honduras
Samoa
Pérou
Îles Salomon
Guatemala
Nauru
Antigua-et-Barbuda
Sri Lanka
Nicaragua
Bolivie
Gambie
Barbade
 
Statistiques - réponses
Réponse % Correct
Mexique
100%
Cuba
92%
Uruguay
89%
Bahamas
86%
Guyana
86%
Belize
83%
Guatemala
83%
Haïti
83%
Nicaragua
83%
Sainte-Lucie
83%
Honduras
81%
Bolivie
78%
République Dominicaine
78%
Barbade
75%
Pérou
75%
Suriname
75%
Grenade
72%
Saint-Christophe-et-Niévès
64%
Antigua-et-Barbuda
61%
Trinité-et-Tobago
58%
Aucun quiz correspondant
Distribution des résultats
% des personnes avec chaque résultat
Percentile par nombre de réponses
Votre historique - résultats
Vous n’avez pas pris ce quiz